000 00541nam a2200205Ia 4500
003 OSt
005 20221005123129.0
006 a|||||r|||| 00| 0
007 ta
008 221004b |||||||| |||| 00| 0 eng d
024 _a32235
037 _cTextual
040 _aCRL
_cCRL
_beng
041 _2eng
_aeng
082 _a90495, K31 close section
245 0 _aKorea
_bIts land,people and culture of all ages.
260 _c1963
942 _h90495, K31 close section
_cTEXL
_2cc
999 _c1046475
_d1046475